Normal view
MARC view
Entry Personal Name
001 - CONTROL NUMBER
- control field: 25634
003 - CONTROL NUMBER IDENTIFIER
- control field: UA-OsUOA
005 - DATE AND TIME OF LATEST TRANSACTION
- control field: 20260622115304.0
008 - FIXED-LENGTH DATA ELEMENTS
- fixed length control field: 260622|| aca||aabn | a|a d
040 ## - CATALOGING SOURCE
- Original cataloging agency: UA-OsUOA
- Transcribing agency: UA-OsUOA
100 ## - HEADING--PERSONAL NAME
- Personal name: Тарнашинська Л. Б
670 ## - SOURCE DATA FOUND
- Source citation: Work cat.: (UA-OsUOA)580916: Міністерство культури і мистецтв України Національна Парламентська бібліотека України Інститут літератури ім. Т. Шевченка НАН України 25633, Валерій Шевчук: "Мав дерзновення бути самим собою", 2002